000 00491nam a2200157 4500
001 116144
003 ES-MaACL
005 20230906190638.0
007 t|
008 061121s1973 sp r ||||1| spa d
100 0 _aParís Eguilaz, Higinio.
_989148
245 1 0 _aEspaña contemporánea
_b: un programa de reformas /
_cpor Higinio Paris Eguilaz.
260 _aMadrid :
_b[s.n.],
_c1973 (
_fJ.Sánchez de Ocaña y Cia)
300 _a527 p. ;
_c24 cm.
852 _aES-MaACL
_jC-55572
_bR.88108
999 _c116144
_d116144